UM Logo

Impact of controller saturation on instability behavior of grid-connected inverters / (Record no. 19543)

MARC details
000 -LEADER
fixed length control field 01134nam a22002657a 4500
003 - CONTROL NUMBER IDENTIFIER
control field OSt
005 - DATE AND TIME OF LATEST TRANSACTION
control field 20250827103725.0
008 - FIXED-LENGTH DATA ELEMENTS--GENERAL INFORMATION
fixed length control field 240308b ||||| |||| 00| 0 eng d
040 ## - CATALOGING SOURCE
Transcribing agency 0
082 ## - DEWEY DECIMAL CLASSIFICATION NUMBER
Classification number DPer 621.317 Ie21 July 2022 v. 37 n. 7
100 ## - MAIN ENTRY--PERSONAL NAME
Personal name Wang, Xuehua.
Relator term author.
9 (RLIN) 54074
245 ## - TITLE STATEMENT
Title Impact of controller saturation on instability behavior of grid-connected inverters /
Statement of responsibility, etc. Xuehua Wang, Yuying He, Kuang Qin, Hao Zhang, Donghua Pan, Xinbo Ruan, Qingfeng Zhou, and Chuan Yao.
260 ## - PUBLICATION, DISTRIBUTION, ETC. (IMPRINT)
Place of publication, distribution, etc. New York ;
Name of publisher, distributor, etc. The Institute of Electrical and Electronics Engineers, Inc. ,
Date of publication, distribution, etc. July 2022.
300 ## - PHYSICAL DESCRIPTION
Extent volume 37, pages 7739-7750 :
Other physical details illustration ;
Dimensions 28 cm.
500 ## - GENERAL NOTE
General note IEEE Transactions on Power Electronics, vol. 37, no. 7, Pages 7739-7750, July 2022.
700 ## - ADDED ENTRY--PERSONAL NAME
Personal name Wang, Xuehua.
Relator term author.
9 (RLIN) 54074
700 ## - ADDED ENTRY--PERSONAL NAME
Personal name He, Yuying.
Relator term author.
9 (RLIN) 54075
700 ## - ADDED ENTRY--PERSONAL NAME
Personal name Qin, Kuang.
Relator term author.
9 (RLIN) 54076
700 ## - ADDED ENTRY--PERSONAL NAME
Personal name Zhang, Hao.
Relator term author.
9 (RLIN) 54077
700 ## - ADDED ENTRY--PERSONAL NAME
Personal name Pan, Donghua.
Relator term author.
9 (RLIN) 54078
700 ## - ADDED ENTRY--PERSONAL NAME
Personal name Ruan, Xinbo.
Relator term author.
9 (RLIN) 54079
700 ## - ADDED ENTRY--PERSONAL NAME
Personal name Zhou, Qingfeng.
Relator term author.
9 (RLIN) 54080
700 ## - ADDED ENTRY--PERSONAL NAME
Personal name Yao, Chuan.
Relator term author.
9 (RLIN) 54081
942 ## - ADDED ENTRY ELEMENTS (KOHA)
Source of classification or shelving scheme Dewey Decimal Classification
Koha item type Periodicals
Holdings
Withdrawn status Lost status Source of classification or shelving scheme Damaged status Not for loan Collection code Home library Current library Date acquired Total Checkouts Full call number Date last seen Price effective from Koha item type Public note
    Dewey Decimal Classification     Periodicals UM Digos College - LIC UM Digos College - LIC 03/08/2024   DPer 621.317 Ie21 July 2022 v. 37 n. 7 03/08/2024 03/08/2024 Periodicals Periodical Article